书目信息 |
| 题名: |
一本让你爱不释手的意大利简史
|
|
| 作者: | 江乐兴 编著 | |
| 分册: | ||
| 出版信息: | 北京 北京工业大学出版社 2017.05 |
|
| 页数: | 224页 | |
| 开本: | 23cm | |
| 丛书名: | ||
| 单 册: | ||
| 中图分类: | K546.09 | |
| 科图分类: | ||
| 主题词: | ||
| 电子资源: | ||
| ISBN: | 978-7-5639-5131-4 | |
| 000 | 01029nam0 2200253 450 | |
| 001 | 0120172180843 | |
| 005 | 20210412161823.92 | |
| 010 | @a978-7-5639-5131-4@dCNY38.00 | |
| 100 | @a20170424d2017 em y0chiy50 ea | |
| 101 | 0 | @achi |
| 102 | @aCN@b110000 | |
| 105 | @aabc z 000yy | |
| 200 | 1 | @a一本让你爱不释手的意大利简史@9yi ben rang ni ai bu shi shou de yi da li jian shi@f江乐兴编著 |
| 210 | @a北京@c北京工业大学出版社@d2017.05 | |
| 215 | @a224页@c图,肖像,地图@d23cm | |
| 312 | @a封面副题名:古罗马的荣耀与遗产 | |
| 330 | @a全书介绍了欧洲国家意大利的历史。作为一本历史知识普及性读物,本书以时间为主线,以大的事件和重要人物为重点为读者梳理出一条脉络清晰的意大利历史发展之路,同时辅以大量的图片,生动、直观,既便于读者理解,又有一定的欣赏价值。 | |
| 333 | @a历史爱好者 | |
| 517 | 1 | @a古罗马的荣耀与遗产@9gu luo ma de rong yao yu yi chan |
| 607 | @a意大利@x历史@j通俗读物 | |
| 690 | @aK546.09@v5 | |
| 701 | 0 | @a江乐兴@9jiang le xing@4编著 |
| 801 | 0 | @aCN@b人天书店@c20170424 |
| 905 | @b1070766-71@dK546.09@e10@f6 | |
| 一本让你爱不释手的意大利简史/江乐兴编著.-北京:北京工业大学出版社,2017.05 |
| 224页:图,肖像,地图;23cm |
| 使用对象:历史爱好者 |
| ISBN 978-7-5639-5131-4:CNY38.00 |
| 全书介绍了欧洲国家意大利的历史。作为一本历史知识普及性读物,本书以时间为主线,以大的事件和重要人物为重点为读者梳理出一条脉络清晰的意大利历史发展之路,同时辅以大量的图片,生动、直观,既便于读者理解,又有一定的欣赏价值。 |
| ● |
| 相关链接 |
|
|
|
|
正题名:一本让你爱不释手的意大利简史
索取号:K546.09/10
 
预约/预借
| 序号 | 登录号 | 条形码 | 馆藏地/架位号 | 状态 | 备注 |
| 1 | 1055366 | 210553667 | 第二借阅区/ [索取号:K546.09/10] | 在馆 | |
| 2 | 1070766 | 210707662 | 第二样本阅览室/ [索取号:K546.09/10] | 在馆 | |
| 3 | 1070767 | 210707671 | 密集书库-史法系/ [索取号:K546.09/10] | 在馆 | |
| 4 | 1070768 | 210707680 | 第二借阅区/ [索取号:K546.09/10] | 在馆 | |
| 5 | 1070769 | 210707699 | 第二借阅区/ [索取号:K546.09/10] | 在馆 | |
| 6 | 1070770 | 210707706 | 第二借阅区/ [索取号:K546.09/10] | 在馆 | |
| 7 | 1070771 | 210707715 | 第二借阅区/ [索取号:K546.09/10] | 在馆 |